ا حسا س کا سفر (Record no. 173908)

MARC details
000 -LEADER
fixed length control field 00570nam a22001937a 4500
005 - DATE AND TIME OF LATEST TRANSACTION
control field 20200312111759.0
010 ## - LCCN (DPL NO)
LC control number UR-10747
020 ## - INTERNATIONAL STANDARD BOOK NUMBER
Terms of availability 570.00
International Standard Book Number 9788192747750
035 ## - SYSTEM CONTROL NUMBER
System control number U-9302
037 ## - SOURCE OF ACQUISITION
Source of stock number/acquisition DBAD/PUB
Stock number -
082 ## - DEWEY DECIMAL CLASSIFICATION NUMBER
Classification number 841
100 ## - MAIN ENTRY--PERSONAL NAME
Personal name جعفر ر ضا
245 ## - TITLE STATEMENT
Title ا حسا س کا سفر
Statement of responsibility, etc جعفر ر ضا
246 ## - VARYING FORM OF TITLE
Remainder of title Ahsas Ka Safar (Urdu)
Title proper/short title by Saiyed Jafar Raza
260 ## - PUBLICATION, DISTRIBUTION, ETC. (IMPRINT)
Place of publication, distribution, etc Delhi
Name of publisher, distributor, etc Shabistan
Date of publication, distribution, etc 2019 ء
270 ## - ADDRESS
Address 786,Shah Ganj,
City Allahabad
Postal code 211003
Telephone number -
Fax number -
300 ## - PHYSICAL DESCRIPTION
Extent 143 ص
Dimensions 22 Cm(Hb)
942 ## - ADDED ENTRY ELEMENTS (KOHA)
Source of classification or shelving scheme Dewey Decimal Classification
Item type Urdu Bks
Classification part 841
Call number suffix س ي د
Holdings
Withdrawn status Lost status Not for loan Collection code Home library Current library Date acquired Source of acquisition Cost, normal purchase price Full call number Barcode Copy number Cost, replacement price Koha item type
      Non-fiction D.B.Act.Division D.B.Act.Division 12/03/2020 DBAD/PUB 570.00 841 س ي د U-9302 1 570.00 Urdu Bks

© Delhi Public Library
Hit Counter
free hit counter